Computational fluid dynamics (Record no. 5417)

000 -LEADER
fixed length control field 00558nam a22002054a 4500
001 - CONTROL NUMBER
control field 5417
003 - CONTROL NUMBER IDENTIFIER
control field BD-DhUET
008 - FIXED-LENGTH DATA ELEMENTS--GENERAL INFORMATION
fixed length control field 001218s2002 enka b 001 0 eng
020 ## - INTERNATIONAL STANDARD BOOK NUMBER
International Standard Book Number 0521594162
040 ## - CATALOGING SOURCE
Original cataloging agency DLC
Transcribing agency DLC
Modifying agency BD-DhUET
082 00 - DEWEY DECIMAL CLASSIFICATION NUMBER
Classification number 532.050285
Item number CHU/2002
100 ## - MAIN ENTRY--PERSONAL NAME
Personal name Chung, T. J.
245 10 - TITLE STATEMENT
Title Computational fluid dynamics
250 ## - EDITION STATEMENT
Edition statement 1st ed.
260 ## - PUBLICATION, DISTRIBUTION, ETC. (IMPRINT)
Place of publication, distribution, etc. New York
Name of publisher, distributor, etc. Cambridge University Press
Date of publication, distribution, etc. 2002
300 ## - PHYSICAL DESCRIPTION
Extent xxiii, 1012 p.
Other physical details ill.
Dimensions 26 cm.
504 ## - BIBLIOGRAPHY, ETC. NOTE
Bibliography, etc Includes bibliographies
650 #0 - SUBJECT ADDED ENTRY--TOPICAL TERM
Topical term or geographic name as entry element Fluid dynamics - Data processing
942 ## - ADDED ENTRY ELEMENTS (KOHA)
Koha item type General Book
Holdings
Withdrawn status Price effective from Koha item type Source of classification or shelving scheme Koha date last seen Not for loan Location (home branch) Shelving location Copy number Koha normalized classification for sorting Lost status Date acquired Piece designation (barcode) Sublocation or collection (holding branch) Damaged status Koha full call number
 2014-11-26General Book 2017-10-11 Central Library, BUETCirculation section1532_000000000000000_050285CHU2 2014-11-26103636Central Library, BUET 532.050285/CHU/2002
 2015-06-22Reading Item 2015-06-22 Central Library, BUETReading section2532_050285000000000_CHU_2002 2015-06-22101213Central Library, BUET 532.050285/CHU/2002
 2015-08-24General Book 2022-04-24 Central Library, BUETCirculation section3532_050285000000000_CHU_2002 2015-08-24102625Central Library, BUET 532.050285/CHU/2002
 2018-05-07General Book 2018-05-07 Central Library, BUETCirculation section4532_050285000000000_CHU_2002 2007-05-27103637Central Library, BUET 532.050285/CHU/2002